Bienvenue à la Médiathèque de Saint-Andiol
banniere
Accueil Recherche avancée Mon compte
handi1 Rechercher dans le catalogue

Filtre   Mots-clés
  Recherche avancée
 
Lister les dernières nouveautés
 
Lister les livres GROS CARACTERES
 
Lister les périodiques (magazines)

handi1 Sous le soleil de Toscane

Book Cover
Auteur principal : Kat Devereaux
Titre : Sous le soleil de Toscane
Support : Livres à gros caractères
Langue : Francais
Publié : 2025 VDB La Roque-sur-Pernes
Genre : Roman
Sujets :
Étiquettes :
Pas de tags
LEADER 01423nam0a2200193 450
001 16868180
010 |a 978-2-36637-218-2  |b Br.  |d 22 € 
100 |a 20260403d2025 u u0frey01 ba 
101 0 |a fre 
102 |a FR 
200 0 |a Sous le soleil de Toscane  |f Kat Devereaux 
207 1 |a   
210 |a La Roque-sur-Pernes  |b 84  |c VDB  |d 2025 
215 |c Couv ill  |d 22x15 cm 
330 |a 1944. Romituzzo, Toscane. À 14 ans, Stella Infuriati est la plus jeune résistante de la ville, un secret qu’elle se garde bien de révéler à ses parents. Elle s’est engagée avec son frère Achille pour faire passer messages, armes et provisions aux partisans cachés dans les collines. Mais lorsque la paix revient enfin, en 1945, Stella s’est volatilisée. 2019. Tori MacNair, écrivaine, débarque à Florence pour fuir un mari violent et refaire sa vie dans cette ville que sa grand-mère anglaise lui a appris à aimer. Sur les conseils d’une amie, un jeune avocat, Marco, l’aide à s’installer. Mais, alors qu’elle fait des recherches sur l’histoire de son aïeule pour les besoins de son nouveau roman, Tori se trouve confrontée à de douloureux secrets du passé, dont certains concernent une très jeune fille qui a risqué sa vie pour sauver son pays 
700 0 |a Devereaux  |b Kat  |4 70 
900 |a Roman 
901 |a Adultes 
995 |a Médiathèque  |c Médiathèque  |f 089021821  |h 089021821  |k R DEV LV  |o p  |q a  |r ag  |e Médiathèque